000200250 001__ 200250
000200250 005__ 20230317222212.0
000200250 0247_ $$2GDS-ID$$aDOC-2010-Apr-24
000200250 0247_ $$2GDS-ATTRID$$aLIBRARY-report-2010-001
000200250 037__ $$aGSI-2016-03483
000200250 041__ $$aGerman
000200250 0881_ $$aGSI Bericht 72-10
000200250 088__ $$2GSI$$aGSI Bericht 72-10
000200250 1001_ $$0P:(DE-HGF)0$$aGSI,$$b0$$eEditor
000200250 245__ $$aGSI-Arbeitstagung Frühjahr 1972
000200250 260__ $$aDarmstadt$$bGSI$$c1972
000200250 300__ $$a110 S.
000200250 3367_ $$2DRIVER$$areport
000200250 3367_ $$2ORCID$$aREPORT
000200250 3367_ $$010$$2EndNote$$aReport
000200250 3367_ $$2DataCite$$aOutput Types/Report
000200250 3367_ $$0PUB:(DE-HGF)29$$2PUB:(DE-HGF)$$aReport$$breport$$mreport$$s1480420889_32572
000200250 3367_ $$2BibTeX$$aTECHREPORT
000200250 500__ $$aIMPORT aus dem GDS: https://www.gsi.de/documents/DOC-2010-Apr-24.html
000200250 520__ $$aOnTEAM metadata: GDSID: DOC-2010-Apr-24;    Attribute ID: LIBRARY-report-2010-001;
000200250 536__ $$0G:(DE-HGF)POF3-899$$a899 - ohne Topic (POF3-899)$$cPOF3-899$$fPOF III$$x0
000200250 8564_ $$uhttps://repository.gsi.de/record/200250/files/DOC-2010-Apr-24-1.pdf$$yOpenAccess
000200250 909CO $$ooai:repository.gsi.de:200250$$pdnbdelivery$$pdriver$$pVDB$$popen_access$$popenaire$$qec_fundedresources
000200250 9101_ $$0I:(DE-Ds200)20121206GSI$$6P:(DE-HGF)0$$aGSI Helmholtzzentrum für Schwerionenforschung GmbH$$b0$$kGSI
000200250 9131_ $$0G:(DE-HGF)POF3-899$$1G:(DE-HGF)POF3-890$$2G:(DE-HGF)POF3-800$$3G:(DE-HGF)POF3$$4G:(DE-HGF)POF$$aDE-HGF$$bProgrammungebundene Forschung$$lohne Programm$$vohne Topic$$x0
000200250 915__ $$0LIC:(DE-HGF)CCBY3$$2HGFVOC$$aCreative Commons Attribution CC BY 3.0
000200250 915__ $$0StatID:(DE-HGF)0510$$2StatID$$aOpenAccess
000200250 9201_ $$0I:(DE-Ds200)BUD-20051214OR030$$kBUD$$lBibliothek & Dokumentation$$x0
000200250 970__ $$aGDS-IMPORT-DOC-2010-Apr-24
000200250 9801_ $$aFullTexts
000200250 9801_ $$aGSIasPublisher
000200250 980__ $$areport
000200250 980__ $$aVDB
000200250 980__ $$aUNRESTRICTED
000200250 980__ $$aI:(DE-Ds200)20120319OR030
000200250 980__ $$aI:(DE-Ds200)BUD-20051214OR030